header

Hollywood genres and postwar America (Record no. 183027)

MARC details
000 -LEADER
fixed length control field 01661nam a2200409 a 4500
082 04 - DEWEY DECIMAL CLASSIFICATION NUMBER
Classification number 791.430973
100 1# - MAIN ENTRY--AUTHOR NAME
Personal name Chopra-Gant, Mike.
245 10 - TITLE STATEMENT
Title Hollywood genres and postwar America
260 ## - PUBLICATION, DISTRIBUTION, ETC. (IMPRINT)
Place of publication London ;
-- New York :
Name of publisher I.B. Tauris Pub. ;
Place of publication New York :
Name of publisher Distributed in the U.S. by Palgrave Macmillan,
Year of publication 2006.
300 ## - PHYSICAL DESCRIPTION
Number of Pages x, 219 p. :
Other physical details ill.
490 1# - SERIES STATEMENT
Series statement Cinema and society series
650 #0 - SUBJECT ADDED ENTRY--TOPICAL TERM
Topical Term Masculinity in motion pictures.
Topical Term Men in motion pictures.
Topical Term Families in motion pictures.
Topical Term Motion pictures
Topical Term Film noir
856 40 - ELECTRONIC LOCATION AND ACCESS
Uniform Resource Identifier http://site.ebrary.com/lib/rucke/Doc?id=10133162

No items available.

© 2026 Rongo University
Contact us: librarian | system librarian | Rongo university